00854nam a2200193 a 450000100100000000500170001000800410002704000250006808200160009310000270010924500980013626001060023430000280034050400320036804900090040095201140040995201200052399900170064300002560120200930023915.0110218s1976 dr a 000 0 spa d aDO-SdBNPbspacBNPHU axxxxbD814m1 aDubert, Ramón95229310aManual del presidente de asamblea :bpara ministros laicos de la comunidad /cRamón Dubert. aSantiago de los Caballeros, República Dominicana, :bObispado de Santiago de los Caballeros,c1976. a379 p. :bil. ;c27 cm. aBibliografía : p. 367-368 aBNPD 0010718PDaPDbPDcCTd2011-02-18iLF1l0oxxxx D814mp25601-10r2020-06-25w2020-06-25yLFPDZNo se presta 0010718PDaPDbPDcCTd2011-02-21iLF1l0oxxxx D814mp25601-20r2020-06-25te. 2w2020-06-25yLFPDZNo se presta c25093d25093